| 000 | 01012nam a2200289 4500 | ||
|---|---|---|---|
| 001 | 30590 | ||
| 003 | BD-RjUL | ||
| 005 | 20211209051603.0 | ||
| 008 | 140410r19511929enk b 000 0 eng d | ||
| 035 | _a(BD-RjUL)30676 | ||
| 040 |
_aBD-RjUL _beng _cBD-RjUL |
||
| 041 | 1 |
_aeng _hger |
|
| 082 |
_a180 _bHEH V-2 1951 |
||
| 100 | 1 |
_aHegel, Georg Wilhelm Friedrich, _d1770-1831. _951347 |
|
| 245 | 1 | 0 |
_aHegel's Science of logic / _ctranslated by W.H. Johnston and L.G. Struthers ; with an introductory preface by Viscount Haldane of Cloan _nVOLUME TWO. |
| 260 |
_aLondon : _bAllen & Unwin, _c1951 |
||
| 300 |
_a486 p. : _c23 cm |
||
| 500 | _aOriginally published: London : Allen & Unwin ; New York : Humanities Press, 1929 | ||
| 500 | _aTranslation of Wissenschaft der Logik | ||
| 504 | _aBibliography: v. 2, p. [487] | ||
| 650 | 0 |
_aLogic _992938 |
|
| 830 | 0 |
_aMuirhead library of philosophy _992943 |
|
| 942 |
_2ddc _cBK |
||
| 999 |
_c30590 _d30590 |
||